Personnel/human resource management. (Record no. 478858)

000 -LEADER
fixed length control field 00912cam a2200289 a 4500
001 - CONTROL NUMBER
control field 4312387
003 - CONTROL NUMBER IDENTIFIER
control field NUST
005 - DATE AND TIME OF LATEST TRANSACTION
control field 20180808085108.0
008 - FIXED-LENGTH DATA ELEMENTS--GENERAL INFORMATION
fixed length control field 870305s1988 njua b 001 0 eng
010 ## - LIBRARY OF CONGRESS CONTROL NUMBER
LC control number 87006983
020 ## - INTERNATIONAL STANDARD BOOK NUMBER
International Standard Book Number 0136571980
038 ## - RECORD CONTENT LICENSOR
Staff Name 0
040 ## - CATALOGING SOURCE
Original cataloging agency DLC
Transcribing agency DLC
Modifying agency DLC
050 00 - LIBRARY OF CONGRESS CALL NUMBER
Classification number HF5549
Item number .D396 1988
082 00 - DEWEY DECIMAL CLASSIFICATION NUMBER
Classification number 658.3
Edition number 19
100 1# - MAIN ENTRY--PERSONAL NAME
Personal name DeCenzo, David A.
9 (RLIN) 12258
245 10 - TITLE STATEMENT
Title Personnel/human resource management.
Statement of responsibility, etc. David A.Decenzo
250 ## - EDITION STATEMENT
Edition statement 3rd ed.
Remainder of edition statement David A. DeCenzo, Stephen P. Robbins.
260 ## - PUBLICATION, DISTRIBUTION, ETC.
Place of publication, distribution, etc. Englewood Cliffs, N.J. :
Name of publisher, distributor, etc. Prentice-Hall,
Date of publication, distribution, etc. 1988.
300 ## - PHYSICAL DESCRIPTION
Extent xvii, 637 p. :
Other physical details ill. ;
Dimensions 25 cm.
500 ## - GENERAL NOTE
General note Second ed. / Stephen P. Robbins.
504 ## - BIBLIOGRAPHY, ETC. NOTE
Bibliography, etc. note Includes bibliographies and indexes.
650 #0 - SUBJECT ADDED ENTRY--TOPICAL TERM
Topical term or geographic name entry element Personnel management.
9 (RLIN) 1204
700 1# - ADDED ENTRY--PERSONAL NAME
Personal name Robbins, Stephen P.,
Dates associated with a name 1943-
9 (RLIN) 12259
906 ## - LOCAL DATA ELEMENT F, LDF (RLIN)
a 7
b cbc
c orignew
d 1
e ocip
f 19
g y-gencatlg
942 ## - ADDED ENTRY ELEMENTS (KOHA)
Source of classification or shelving scheme
Koha item type Book
Call number prefix 658.3
Holdings
Withdrawn status Lost status Source of classification or shelving scheme Damaged status Not for loan Collection code Permanent Location Current Location Shelving location Date acquired Total Checkouts Full call number Barcode Date last seen Price effective from Koha item type
            Central Library (CL) Central Library (CL) General Stacks 08/08/2018   658.3 DEC 1998 NBSD-3063 08/08/2018 08/08/2018 Book
© 2023 Central Library, National University of Sciences and Technology. All Rights Reserved.